Statystyki dla Państwa w języku szwedzkim

Kliknij tutaj aby rozwiązać quiz!

Ogólne statystyki

  • Ten quiz został rozwiązany 95 razy
  • Średni wynik to 17 z 20

Statystyki odpowiedzi

szwedzka nazwapolska nazwa% Poprawnych
BelgienBelgia
100%
PolenPolska
100%
SverigeSzwecja
96%
EgyptenEgipt
95%
FinlandFinlandia
95%
JapanJaponia
95%
BrasilienBrazylia
93%
Dominikanska RepublikenDominikana
92%
EstlandEstonia
92%
SpanienHiszpania
92%
LibyenLibia
92%
SerbienSerbia
92%
NordmakedonienMacedonia Północna
88%
FrankrikeFrancja
87%
SydkoreaKorea Południowa
85%
KanadaKanada
84%
LettlandŁotwa
64%
UngernWęgry
62%
Förenta staternaStany Zjednoczone
56%
TjeckienCzechy
51%

Rozkład punktacji

Percentyl według liczby udzielonych odpowiedzi

Procent ludzi z każdym wynikiem

Twoja historia wyników

Nie rozwiązałeś tego quizu